<The> Regional Development through Cluster Iniciative in the Slovak Republic Conditions

Guardado en:
Detalles Bibliográficos
Autor principal: Littvová, Veronika
Formato: Capítulo de libro
Lenguaje:inglés
Materias:
Etiquetas: Agregar Etiqueta
Sin Etiquetas, Sea el primero en etiquetar este registro!

MARC

LEADER 00000naa a2200000 4500
001 0182125
005 20240522131005.6
041 0 |a eng 
044 |a CZ 
245 1 0 |a <The> Regional Development through Cluster Iniciative in the Slovak Republic Conditions  |c Veronika Littvová 
610 2 0 |a rozvoj regionálny 
610 2 0 |a globalizácia 
610 2 0 |a stratégia inovačná 
610 2 0 |a kooperácia 
610 2 0 |a stratégia marketingová 
610 2 0 |a klaster 
100 1 |a Littvová, Veronika